Beauty and the Beast

Bibliographic Details
Format: Book
Published: Loughborough : Ladybird Books Ltd , 1992
Series:Disney
Subjects:

MARC

LEADER 00000cam a2200000 7i4500
001 0000003402
002 000003669
005 20000330.0
020 |a 0721441394 
090 0 0 |a JF   |b BEA 
245 0 0 |a Beauty and the Beast 
260 |a Loughborough :   |b Ladybird Books Ltd ,   |c 1992 
300 |a p.v. :   |b ill. ;   |c 19cm. 
490 0 |a Disney 
650 0 0 |a Children's stories 
999 |a 031619   |b BUKU   |c JUNIOR FICTION   |e PERPUSTAKAAN KOMUNITI PETALING JAYA 
999 |a 057792   |b BUKU   |c PINJAMAN   |e PERPUSTAKAAN KOMUNITI PETALING JAYA